Guess the Liam Starica song with no Hints #1 - Statistics

General Stats
  • This quiz has been taken 3 times
  • The average score is 151 of 282
Answer Stats
LYRICS % Correct
a
100%
always
100%
and
100%
be
100%
for
100%
I
100%
me
100%
my
100%
the
100%
to
100%
too
100%
you
100%
You
100%
you?
100%
you?"
100%
been
67%
down
67%
ice
67%
in
67%
is
67%
it
67%
It's
67%
long
67%
melted
67%
not
67%
now
67%
of
67%
or
67%
problem
67%
recognize
67%
waited
67%
we
67%
what
67%
whether
67%
while
67%
would
67%
your
67%
Your
67%
You've
67%
alone
33%
anymore
33%
as
33%
at
33%
Baby
33%
(Baby
33%
But
33%
but
33%
can
33%
can't
33%
'Cause
33%
don't
33%
drink
33%
ever
33%
face
33%
get
33%
I'm
33%
I'm)
33%
I've
33%
letters
33%
on
33%
restaurant
33%
seen
33%
should
33%
since
33%
talk
33%
together
33%
took
33%
waiting
33%
Watch
33%
watered
33%
Why
33%
"Why
33%
why
33%
about?
0%
All
0%
all
0%
apparently
0%
arms
0%
awareness
0%
back
0%
because
0%
centered
0%
come
0%
connected
0%
controlling
0%
copy
0%
even
0%
everything
0%
feelings
0%
find
0%
Forcing
0%
hard
0%
help
0%
house
0%
How
0%
into
0%
just
0%
left
0%
line
0%
maybe
0%
means
0%
pace?
0%
pouring
0%
rain
0%
relax
0%
run
0%
Running
0%
said
0%
say
0%
self
0%
shadows
0%
so
0%
some
0%
still
0%
take
0%
That's
0%
them
0%
then
0%
there
0%
think
0%
This
0%
time
0%
track
0%
will
0%
work
0%
write
0%
you'd
0%
No matching quizzes found
Score Distribution
Percent of People with Each Score
Percentile by Number Answered
Your Score History
You have not taken this quiz